000 00295nam a22001337a 4500
008 170508b xxu||||| |||| 00| 0 eng d
020 _a1599414481
041 _aeng
080 _a34
100 _a15
101 _aSHJ
245 _aEVIDENCE CASES AND MATERIALS
_cWALTZ, J.R
942 _2udc
_cBK
999 _c13014
_d13014